Normal view
MARC view
- Middleton, Herman Arnold
Entry Personal Name
001 - CONTROL NUMBER
- control field: 42199
003 - CONTROL NUMBER IDENTIFIER
- control field: NUST
005 - DATE AND TIME OF LATEST TRANSACTION
- control field: 20210314132230.0
008 - FIXED-LENGTH DATA ELEMENTS
- fixed length control field: 210314|| aca||aabn | a|a d
040 ## - CATALOGING SOURCE
- Original cataloging agency: NUST
- Transcribing agency: NUST
100 ## - HEADING--PERSONAL NAME
- Personal name: Middleton, Herman Arnold
670 ## - SOURCE DATA FOUND
- Source citation: Work cat.: (NUST): Middleton, Herman Arnold., Receiving tube substitution guide book., [c1950]
